| 000 | 00740cam a22002292 4500 | ||
|---|---|---|---|
| 001 | 0000002091 | ||
| 005 | 20151217151839.0 | ||
| 008 | 070402s xx 000 0 eng d | ||
| 020 | _a185383260x : | ||
| 040 |
_aKABU _cKABU |
||
| 050 | 0 |
_aHF1379 _b.A53 |
|
| 100 | 1 |
_aAndersson, Thomas. _@0000151310 |
|
| 245 | 1 | 0 |
_aTrading with the environment : _becology, economics institutions and policy / _cThomas Anderson, Carl Folke and Stefan Nystrom. |
| 260 |
_aLondon : _bEarthscan, _c1995. |
||
| 300 | _axiii, 140 p. | ||
| 650 | 0 |
_aInternational trade. _@0000149976 |
|
| 700 | 1 |
_aFolke, Carl. _@0000150104 |
|
| 700 | 1 |
_aNystrom, Stefan. _@0000151311 |
|
| 908 | _a070402 | ||
| 950 | _@1 | ||
| 999 |
_c5638 _d5638 |
||